The noble scholar, jurist, historian


 His Excellency Dr. Abdul Wahhab bin Ibrahim Abu Sulaiman, may Allah have mercy on him.


 He was born in Umm Al-Qura in the year 1356 AH.

مدخل إلى فلسفة الفقه / (Record no. 10831)

MARC details
000 -LEADER
fixed length control field 01333cam a22003251i 4500
003 - CONTROL NUMBER IDENTIFIER
control field SA-RiAUC
005 - DATE AND TIME OF LATEST TRANSACTION
control field 20250816144858.0
008 - FIXED-LENGTH DATA ELEMENTS--GENERAL INFORMATION
fixed length control field 250808s2002 le g 000 0 ara c
040 ## - CATALOGING SOURCE
Original cataloging agency JO-AmJU
Language of cataloging ara
Transcribing agency SA-RiAUC
Description conventions rda
041 1# - LANGUAGE CODE
Language code of text/sound track or separate title ara
Language code of original per
082 04 - DEWEY DECIMAL CLASSIFICATION NUMBER
Classification number 258.6
Assigning agency SA-RiAUC
090 ## - LOCALLY ASSIGNED LC-TYPE CALL NUMBER (OCLC); LOCAL CALL NUMBER (RLIN)
Classification number (OCLC) (R) ; Classification number, CALL (RLIN) (NR) 258.6
Local cutter number (OCLC) ; Book number/undivided call number, CALL (RLIN) م هـ ر
100 1# - MAIN ENTRY--PERSONAL NAME
Personal name المهريزي، مهدي
Relator term مؤلف.
245 10 - TITLE STATEMENT
Title مدخل إلى فلسفة الفقه /
Statement of responsibility, etc. مهدي مهريزي ؛ ترجمة حيدر نجف ؛ مراجعة عبد الجبار الرفاعي.
250 ## - EDITION STATEMENT
Edition statement الطبعة الأولى.
264 #1 - PRODUCTION, PUBLICATION, DISTRIBUTION, MANUFACTURE, AND COPYRIGHT NOTICE
Place of production, publication, distribution, manufacture بيروت :
Name of producer, publisher, distributor, manufacturer دار الهادي،
Date of production, publication, distribution, manufacture, or copyright notice 2002.
300 ## - PHYSICAL DESCRIPTION
Extent 224 صفحة ؛
Dimensions 24 سم.
336 ## - CONTENT TYPE
Content type term نص
Content type code txt
Source rdacontent
Materials specified كتاب
337 ## - MEDIA TYPE
Media type term بدون وسيط
Media type code n
Source rdamedia
338 ## - CARRIER TYPE
Carrier type term مجلد
Carrier type code nc
Source rdacarrier
490 1# - SERIES STATEMENT
Series statement قضايا إسلامية معاصرة
546 ## - LANGUAGE NOTE
Language note الكتاب باللغة العربية مترجم من اللغة الفارسية.
650 #7 - SUBJECT ADDED ENTRY--TOPICAL TERM
Topical term or geographic name entry element فقه الشيعة
Source of heading or term aucsh
650 #7 - SUBJECT ADDED ENTRY--TOPICAL TERM
Topical term or geographic name entry element عقائد الشيعة
Source of heading or term aucsh
700 1# - ADDED ENTRY--PERSONAL NAME
Personal name الرفاعي، عبد الجبار،
Dates associated with a name 1954-
Relator term مراجع.
700 1# - ADDED ENTRY--PERSONAL NAME
Personal name نجف، حيدر
Relator term مترجم.
830 #0 - SERIES ADDED ENTRY--UNIFORM TITLE
Uniform title قضايا إسلامية معاصرة / عبد الجبار الرفاعي
942 ## - ADDED ENTRY ELEMENTS (KOHA)
Source of classification or shelving scheme Dewey Decimal Classification
Koha item type Books
Suppress in OPAC No
949 ## - LOCAL PROCESSING INFORMATION (OCLC)
a SA-JeALM
d 250808
u mohamedma123
n 1
Holdings
Withdrawn status Lost status Source of classification or shelving scheme Damaged status Not for loan Home library Current library Date acquired Total checkouts Full call number Barcode Date last seen Price effective from Koha item type
    Dewey Decimal Classification     DR AbdElwahab Library DR AbdElwahab Library 08/16/2025   258.6 م هـ ر 000017609 08/16/2025 08/16/2025 Books